LEADER 01928oam 2200517M 450 001 9910716274503321 005 20200213071026.4 035 $a(CKB)5470000002519378 035 $a(OCoLC)1065742746 035 $a(OCoLC)995470000002519378 035 $a(EXLCZ)995470000002519378 100 $a20071213d1926 ua 0 101 0 $aeng 135 $aurcn||||||||| 181 $ctxt$2rdacontent 182 $cc$2rdamedia 183 $acr$2rdacarrier 200 10$aTo add certain public lands to the Washakie National Forest, Wyo. May 26, 1926. -- Committed to the Committee of the Whole House on the State of the Union and ordered to be printed 210 1$a[Washington, D.C.] :$c[U.S. Government Printing Office],$d1926. 215 $a1 online resource (2 pages) 225 1 $aHouse report / 69th Congress, 1st session. House ;$vno. 1312 225 1 $a[United States congressional serial set ] ;$v[serial no. 8534] 300 $aBatch processed record: Metadata reviewed, not verified. Some fields updated by batch processes. 300 $aFDLP item number not assigned. 606 $aConcessions 606 $aForest reserves 606 $aGrazing 606 $aLegislative amendments 606 $aLumber trade 606 $aTimber 608 $aLegislative materials.$2lcgft 615 0$aConcessions. 615 0$aForest reserves. 615 0$aGrazing. 615 0$aLegislative amendments. 615 0$aLumber trade. 615 0$aTimber. 701 $aWinter$b Charles E$g(Charles Edwin),$f1870-1948$pRepublican (WY)$01387987 801 0$bWYU 801 1$bWYU 801 2$bOCLCO 801 2$bOCLCQ 906 $aBOOK 912 $a9910716274503321 996 $aTo add certain public lands to the Washakie National Forest, Wyo. May 26, 1926. -- Committed to the Committee of the Whole House on the State of the Union and ordered to be printed$93441278 997 $aUNINA